[Event "SRI-ch"]
[Site "Colombo"]
[Date "2018.05.07"]
[Round "7"]
[White "Liyanage, Ranindu Dilshan"]
[Black "Wijekoon, Chandana"]
[Result "1/2-1/2"]
[WhiteElo "2003"]
[BlackElo "1943"]
[PlyCount "39"]
[EventDate "2018.05.04"]
[EventType "tourn"]
[EventRounds "13"]
[EventCountry "SRI"]
[SourceTitle "CBM 184 Extra"]
[Source "ChessBase"]
[SourceDate "2018.06.28"]
[SourceVersion "1"]
[SourceVersionDate "2018.06.28"]
[SourceQuality "1"]

1. e4 d5 2. exd5 Qxd5 3. Nc3 Qd6 4. d4 Nf6 5. Nf3 a6 6. g3 b5 7. Bg2 Bb7 8. Bf4 Qb6 9. 0-0 e6 10. a4 Bd6 11. Ne5 Bxg2 12. Kxg2 Qb7+ 13. Qf3 Qxf3+ 14. Kxf3 b4 15. Ne4 Nxe4 16. Kxe4 Nd7 17. Nxd7 Kxd7 18. Rad1 Bxf4 19. Kxf4 Ke7 20. Rd3 1/2-1/2